Aspectos sociológicos del derecho /

Bibliographic Details
Main Author: Lévy-Bruhl, Henri, 1884-1964 (Author)
Other Authors: Agurto Gonzáles, Carlos Antonio (Editor), Quequejana Mamani, Sonia Lidia (Editor), Choque Cuenca, Benigno (Editor), Echánove Trujillo, Carlos A., 1907-1976 (Translator)
Format: Electronic eBook
Language:Spanish
French
Published: Santiago, Chile : Ediciones Olejnik, [2022]
Series:Biblioteca de filosofía del derecho.
Subjects:
Online Access:Digitalia Hispánica

MARC

LEADER 00000nam a2200000Ii 4500
001 DIGOLEJNK1238
003 NyNyDIG
006 m o d
007 cr |||||||||||
008 251203s2022 cl o 000 0 spa d
035 |a (OCoLC)1427227295 
040 |a DGITA  |b eng  |e rda  |e pn  |c DGITA 
020 |z 9789564072005 
041 1 |a spa  |h fre 
050 1 4 |a K373 ebook 
100 1 |a Lévy-Bruhl, Henri,  |d 1884-1964,  |e author. 
240 1 0 |a Aspects sociologiques du droit.  |l Spanish  |s (Echánove Trujillo) 
245 1 0 |a Aspectos sociológicos del derecho /  |c Henri Levy-Bruhl ; edición al cuidado de Carlos Antonio Agurto Gonzáles, Sonia Lidia Quequejana Mamani, Benigno Choque Cuenca ; traducción de Carlos A. Echanove T. 
264 1 |a Santiago, Chile :  |b Ediciones Olejnik,  |c [2022] 
300 |a 1 online resource. 
336 |a text  |b txt  |2 rdacontent 
337 |a computer  |b c  |2 rdamedia 
338 |a online resource  |b cr  |2 rdacarrier 
347 |a text file  |2 rdaft 
347 |b PDF 
490 1 |a Biblioteca de filosofía del derecho 
588 0 |a Online resource; title from PDF title page (Digitalia, viewed December 3, 2025) 
650 0 |a Sociological jurisprudence. 
700 1 |a Agurto Gonzáles, Carlos Antonio,  |e editor. 
700 1 |a Quequejana Mamani, Sonia Lidia,  |e editor. 
700 1 |a Choque Cuenca, Benigno,  |e editor. 
700 1 |a Echánove Trujillo, Carlos A.,  |d 1907-1976,  |e translator. 
700 1 |i Translation of:  |a Lévy-Bruhl, Henri,  |d 1884-1964.  |t Aspects sociologiques du droit. 
791 2 |a Digitalia (Firm),  |e distributor. 
793 0 |g Digitalia eBook Collection:  |a Ediciones Olejnik 
776 0 8 |i Print version:  |a Lévy-Bruhl, Henri, 1884-1964.  |s Aspects sociologiques du droit. Spanish (Echánove Trujillo).  |t Aspectos sociológicos del derecho.  |b Primera edición en Ediciones Olejnik.  |d Santiago, Chile : Ediciones Olejnik, 2022  |z 9789564072005 
830 0 |a Biblioteca de filosofía del derecho. 
856 4 0 |3 Digitalia Hispánica  |u https://www.digitaliapublishing.com/a/157744/ 
910 |a Premium collection: 2025